| 000 | 00557nam a2200169 a 4500 | ||
|---|---|---|---|
| 001 | 000042588 | ||
| 005 | 20230519124859.0 | ||
| 008 | 140128s2013 dr 000 0 spa d | ||
| 020 | _a9789945999477 | ||
| 040 |
_aDO-SdBNP _bspa _cBNPHU |
||
| 040 |
_aDO-SdBNP _bspa _cBNPHU |
||
| 100 | 1 |
_aMatías, Bernardo _96004 |
|
| 245 | 1 | 3 |
_aEl pecado original : _bdel sistema dominicano de seguridad social en salud. / _cBernardo Matías. |
| 260 |
_a[Santo Domingo], : _bServicios gráficos Segura, _c2013. |
||
| 300 |
_a98 p. ; _c21 cm. |
||
| 504 | _aBibliografía p: 97-98 | ||
| 999 |
_c42077 _d42077 |
||